Frauen in der Bundesrepublik Deutschland / 1984
| Medienart: | Druck Buch |
|---|---|
| Sprache: | Deutsch |
| Veröffentlicht: |
1984
|
| In: |
Frauen in der Bundesrepublik Deutschland
Jahr: 1984 |
| Bestand in Tübingen: | In Tübingen vorhanden. IFK: B III 105 (1984) |
| Verfügbarkeit prüfen: | HBZ Gateway |
| Subito Bestelldienst: | Jetzt bestellen. |
MARC
| LEADER | 00000cam a2200000 cc4500 | ||
|---|---|---|---|
| 001 | 1100728864 | ||
| 003 | DE-627 | ||
| 005 | 20220610121403.0 | ||
| 007 | tu | ||
| 008 | 921116s1984 xx ||||| 00| ||ger c | ||
| 035 | |a (DE-627)1100728864 | ||
| 035 | |a (DE-576)03072886X | ||
| 035 | |a (DE-599)BSZ03072886X | ||
| 040 | |a DE-627 |b ger |c DE-627 |e rakwb | ||
| 041 | |a ger | ||
| 084 | |a MS 3000 |2 rvk |0 (DE-625)rvk/123652: | ||
| 245 | 0 | 0 | |a Frauen in der Bundesrepublik Deutschland |n 1984 |
| 264 | 1 | |c 1984 | |
| 336 | |a Text |b txt |2 rdacontent | ||
| 337 | |a ohne Hilfsmittel zu benutzen |b n |2 rdamedia | ||
| 338 | |a Band |b nc |2 rdacarrier | ||
| 773 | 1 | 8 | |a Frauen in der Bundesrepublik Deutschland |w (DE-627)130935697 |w (DE-576)025090283 |w (DE-600)1058290-3 |g 1984 |q 1984,1984 |7 nnas |
| 935 | |h SWB |i vSatz | ||
| 936 | r | v | |a MS 3000 |b Allgemeines |k Soziologie |k Spezielle Soziologien |k Soziologische Geschlechterforschung (Gender Studies) |k Spezielle Forschungsgebiete der soziologischen Geschlechterforschung |k Allgemeines |0 (DE-627)1270705695 |0 (DE-625)rvk/123652: |0 (DE-576)200705695 |
| 951 | |a JV | ||
| ELC | |b 1 | ||
| LOK | |0 000 xxxxxcx a22 zn 4500 | ||
| LOK | |0 001 2195937955 | ||
| LOK | |0 003 DE-627 | ||
| LOK | |0 004 1100728864 | ||
| LOK | |0 005 20260203122909 | ||
| LOK | |0 008 921116||||||||||||||||ger||||||| | ||
| LOK | |0 040 |a DE-21-110 |c DE-627 |d DE-21-110 | ||
| LOK | |0 852 |a DE-21-110 | ||
| LOK | |0 852 1 |c B III 105 (1984) |m p |9 00 | ||
| LOK | |0 935 |a k110 | ||
| LOK | |0 936ln |a 11.1.4 | ||
| LOK | |0 938 |k p | ||
| LOK | |0 939 |a 16-11-92 |b l01 | ||
| ORI | |a SA-MARC-krimdoka001.raw | ||
| SIG | |a IFK: B III 105 (1984) | ||
